A carregar...
Singular anomaly /
| Autor principal: | |
|---|---|
| Formato: | Printed Book |
| Idioma: | English |
| Publicado em: |
Univ. of London,
1970.
|
| Assuntos: |
| LEADER | 00464nam a2200145Ia 4500 | ||
|---|---|---|---|
| 008 | 150623b xxu||||| |||| 00| 1 eng d | ||
| 082 | |a 823.8099287 | ||
| 100 | |a Colby, Vineta | ||
| 245 | |a Singular anomaly / |c Vineta Colby | ||
| 260 | |b Univ. of London, |c 1970. | ||
| 300 | |a 313 p. | ||
| 650 | |v Fiction | ||
| 942 | |c BK | ||
| 999 | |c 14332 |d 14332 | ||
| 952 | |0 0 |1 0 |4 0 |6 823_809928700000000_COL_S |7 0 |9 14331 |a UL |b UL |c ST2 |d 1998-09-24 |l 0 |o 823.8099287 COL/S |p 21691 |r 2012-10-27 |w 2012-10-27 |y BK | ||